History of the Waldenses. (Record no. 13687)

000 -LEADER
fixed length control field 00660nam a2200205 a 4500
001 - CONTROL NUMBER
control field :::00011510$&:&@@
003 - CONTROL NUMBER IDENTIFIER
control field OkBaRHE
005 - DATE AND TIME OF LATEST TRANSACTION
control field 20000607103409.0
008 - FIXED-LENGTH DATA ELEMENTS--GENERAL INFORMATION
fixed length control field s1985 j 000 0 eng u
040 ## - CATALOGING SOURCE
Transcribing agency
100 1# - MAIN ENTRY--PERSONAL NAME
Personal name Wylie, J. A.
245 10 - TITLE STATEMENT
Title History of the Waldenses.
260 ## - PUBLICATION, DISTRIBUTION, ETC. (IMPRINT)
Place of publication, distribution, etc New York, NY., :
Name of publisher, distributor, etc Cassell & Company, Limited
Date of publication, distribution, etc 1985
300 ## - PHYSICAL DESCRIPTION
Extent 212 p.
650 ## - SUBJECT ADDED ENTRY--TOPICAL TERM
Topical term or geographic name as entry element Church History Waldenses
650 ## - SUBJECT ADDED ENTRY--TOPICAL TERM
Topical term or geographic name as entry element Waldenses
942 ## - ADDED ENTRY ELEMENTS (KOHA)
Source of classification or shelving scheme
Koha item type Books
Copies
Shelving location Full call number Lost status Barcode Damaged status Date last seen Current Location Permanent Location Not for loan Koha item type Copy number Source of classification or shelving scheme Withdrawn status Price effective from Date acquired
General StacksBX 4881 .W9 15249 2010-04-14 RHEMA Bible Training College Books2  2010-04-142010-04-14
General StacksBX 4881 .W9 11510 2020-01-14RHEMA Bible Training CollegeRHEMA Bible Training College Books1  2010-04-142010-04-14